[Event "Catanduva op"]
[White "Scarparo, Joao Ricardo"]
[Black "Reis, Carlos Alberto Gonc"]
[Site "Catanduva"]
[Round "5"]
[Result "1/2-1/2"]
[Date "2020.03.15"]
[WhiteElo "1800"]
[BlackElo "1769"]
[PlyCount "37"]
[EventDate "2020.03.13"]
[EventType "swiss"]
[EventRounds "6"]
[EventCountry "BRA"]
[SourceTitle "CBM 195 Extra"]
[Source "ChessBase"]
[SourceDate "2020.05.31"]
[SourceVersion "1"]
[SourceVersionDate "2020.05.31"]
[SourceQuality "1"]

1. d4 Nf6 2. Nf3 d5 3. h3 e6 4. Bf4 Bd6 5. Bxd6 Qxd6 6. e3 Qb4+ 7. Nbd2 Qxb2 8. Rb1 Qa3 9. c3 Qd6 10. Bd3 Nbd7 11. 0-0 c5 12. Nb3 c4 13. Bc2 cxb3 14. Bxb3 0-0 15. Bc2 Nb6 16. Qd3 Ne4 17. Nd2 f5 18. f3 Ng3 19. Rfe1 1/2-1/2

[Event "Catanduva op"]
[White "Reis, Carlos Alberto Gonc"]
[Black "Tonon, Marco Aurelio"]
[Site "Catanduva"]
[Round "1"]
[Result "0-1"]
[Date "2020.03.13"]
[WhiteElo "1769"]
[BlackElo "1651"]
[PlyCount "50"]
[EventDate "2020.03.13"]
[EventType "swiss"]
[EventRounds "6"]
[EventCountry "BRA"]
[SourceTitle "CBM 195 Extra"]
[Source "ChessBase"]
[SourceDate "2020.05.31"]
[SourceVersion "1"]
[SourceVersionDate "2020.05.31"]
[SourceQuality "1"]

1. d4 Nf6 2. c4 g6 3. Nc3 d5 4. Bg5 Ne4 5. Nxe4 dxe4 6. e3 Bg7 7. Qc2 c6 8. Bh4 Qa5+ 9. Qc3 Qxc3+ 10. bxc3 c5 11. Ne2 Nc6 12. Rd1 h6 13. Bg3 Bg4 14. Rc1 g5 15. h3 Bh5 16. Bh2 cxd4 17. Nxd4 Rc8 18. Nb5 0-0 19. g4 Bg6 20. Be2 a6 21. Nc7 e6 22. 0-0 Ne5 23. f4 exf3 24. Bxe5 fxe2 25. Rf2 Bxe5 0-1

[Event "Sao Sebastiao do Paraiso CXSSP Etapa 2"]
[White "Kawagoe, Julio Cesar"]
[Black "Reis, Carlos Alberto Gonc"]
[Site "Sao Sebastiao do Paraiso"]
[Round "1.4"]
[Result "1-0"]
[Date "2016.05.14"]
[WhiteElo "1964"]
[BlackElo "1579"]
[PlyCount "78"]
[EventDate "2016.05.14"]
[EventType "swiss"]
[EventRounds "5"]
[EventCountry "BRA"]
[SourceTitle "EXT 2022"]
[Source "ChessBase"]
[SourceDate "2021.10.06"]
[SourceVersion "1"]
[SourceVersionDate "2021.10.06"]
[SourceQuality "1"]

1. d4 Nf6 2. Nf3 g6 3. g3 Bg7 4. Bg2 d6 5. 0-0 0-0 6. a4 a6 7. Re1 c6 8. a5 Re8 9. b3 Nbd7 10. Bb2 e5 11. dxe5 dxe5 12. Nxe5 Nxe5 13. Qxd8 Nf3+ 14. Bxf3 Rxd8 15. Bc3 Nd5 16. Bxg7 Kxg7 17. Rd1 Be6 18. Ra4 Nc7 19. Rad4 Rxd4 20. Rxd4 Bd5 21. Bxd5 Nxd5 22. c4 Nf6 23. Nc3 Re8 24. e4 c5 25. Rd3 Nxe4 26. Re3 Nf6 27. Rxe8 Nxe8 28. Ne4 f6 29. f3 Kf7 30. Kf2 Ke7 31. Nxc5 Nd6 32. Ke2 Kd8 33. Kd3 Kc7 34. Ne4 Nxe4 35. Kxe4 b6 36. axb6+ Kxb6 37. Kd5 a5 38. Kd6 f5 39. c5+ Kb7 1-0

[Event "Sao Sebastiao do Paraiso CXSSP Etapa 2"]
[White "Reis, Carlos Alberto Gonc"]
[Black "Nascimento, Pedro Henrique Alve"]
[Site "Sao Sebastiao do Paraiso"]
[Round "3.6"]
[Result "0-1"]
[Date "2016.05.14"]
[WhiteElo "1579"]
[BlackElo "1871"]
[PlyCount "42"]
[EventDate "2016.05.14"]
[EventType "swiss"]
[EventRounds "5"]
[EventCountry "BRA"]
[SourceTitle "EXT 2022"]
[Source "ChessBase"]
[SourceDate "2021.10.06"]
[SourceVersion "1"]
[SourceVersionDate "2021.10.06"]
[SourceQuality "1"]

1. d4 e6 2. Nf3 Nf6 3. Bf4 b6 4. e3 Bb7 5. Be2 c5 6. 0-0 Be7 7. h3 0-0 8. Nbd2 d6 9. c3 Nbd7 10. Qc2 Rc8 11. Ng5 h6 12. Nge4 Nxe4 13. Nxe4 Bxe4 14. Qxe4 Nf6 15. Qf3 d5 16. Qg3 g5 17. Bxg5 hxg5 18. Qxg5+ Kh8 19. Qh6+ Nh7 20. Bd3 f5 21. Qxe6 Rf6 0-1